Sports Quiz

Random Sports or Auto Racing Quiz

Countries with Multiple Grands Prix Quiz Stats

 Plays Quiz Updated Jul 4, 2021

Support Sporcle.
Go Orange.
Score 0/69 Timer 03:00
16 Plays Today
Season Country % Correct
2020Italy
97%
1984Germany
95.5%
1995Germany
95.5%
1996Germany
95.5%
1997Germany
95.5%
1998Germany
95.5%
1999Germany
95.5%
2000Germany
95.5%
2001Germany
95.5%
2002Germany
95.5%
2003Germany
95.5%
2004Germany
95.5%
2005Germany
95.5%
2006Germany
95.5%
1957Italy
95.4%
1981Italy
95.4%
1982Italy
95.4%
1983Italy
95.4%
1984Italy
95.4%
1985Italy
95.4%
1986Italy
95.4%
1987Italy
95.4%
1988Italy
95.4%
1989Italy
95.4%
1990Italy
95.4%
1991Italy
95.4%
1992Italy
95.4%
1993Italy
95.4%
1994Italy
95.4%
1995Italy
95.4%
1996Italy
95.4%
1997Italy
95.4%
1998Italy
95.4%
1999Italy
95.4%
2000Italy
95.4%
Season Country % Correct
2001Italy
95.4%
2002Italy
95.4%
2003Italy
95.4%
2004Italy
95.4%
2005Italy
95.4%
2006Italy
95.4%
2020United Kingdom
94.8%
1960United States
94.5%
1976United States
94.5%
1977United States
94.5%
1978United States
94.5%
1979United States
94.5%
1980United States
94.5%
1981United States
94.5%
1982United States
94.5%
1983United States
94.5%
1984United States
94.5%
1959United States
94.5%
1994Spain
93.5%
1997Spain
93.5%
2008Spain
93.5%
2009Spain
93.5%
2010Spain
93.5%
2011Spain
93.5%
2012Spain
93.5%
2021Austria
92.7%
1983United Kingdom
91.8%
1985United Kingdom
91.8%
1993United Kingdom
91.8%
1982France
91.3%
2020Austria
89.4%
2020Bahrain
81.7%
1994Japan
71.3%
1995Japan
71.3%

You're not logged in!

Compare scores with friends on all Sporcle quizzes.
OR
Log In
Forgot?

From the Vault

Hobbit Dwarves

by Hejman

Wait, which one of these guys has the long bushy beard?
Remove Ads.
Support Sporcle.
Get the best of Sporcle when you Go Orange. This ad-free experience offers more features, more stats, and more fun while also helping to support Sporcle. Thank you for becoming a member.

Show Comments

Extras

Top Quizzes Today


Score Distribution

Your Account Isn't Verified!

In order to create a playlist on Sporcle, you need to verify the email address you used during registration. Go to your Sporcle Settings to finish the process.

Report this User

Report this user for behavior that violates our Community Guidelines.

Details: